Science Quiz

Random Science or Animal Quiz

Orders of Herptiles (in English or Latin) Quiz Stats

 Plays Quiz not verified by Sporcle

Score 0/7 Timer 03:00
0 Plays Today
class order % Correct
reptilesSquamata (lizards, snakes, and amphisbaenians)
97.8%
amphibiansAnura (frogs)
95.6%
amphibiansCaudata (salamanders)
93%
reptilesCrocodilia (crocodiles and allies)
89.1%
reptilesTestudinata (turtles)
85.2%
reptilesRhynchocephalia (tuataras)
71.2%
amphibiansGymnophiona (caecilians)
57.6%

You're not logged in!

Compare scores with friends on all Sporcle quizzes.
OR
Log In

Show Comments

Extras

Top Quizzes Today


Score Distribution

Your Account Isn't Verified!

In order to create a playlist on Sporcle, you need to verify the email address you used during registration. Go to your Sporcle Settings to finish the process.

Report this User

Report this user for behavior that violates our Community Guidelines.

Details: